000 00785nam a2200265Ia 4500
003 OSt
005 20220912150716.0
006 a|||||r|||| 00| 0
007 ta
008 220909b |||||||| |||| 00| 0 eng d
024 _a22988
037 _cTextual
040 _aCSL
_beng
_cCSL
041 _aeng
082 _aY7:(G:66)jN03, L6
100 _aIsaac Glynn L Ed.
245 0 _aHuman origins: Louis leakey and the East African evidence
260 _aCalifornia
_bW A Benjamin
_c1976
300 _axiii 589p.
_ccm.
490 _aW A Benjamin series in anthroplogy
650 _aAnthropology-HUman
700 _a McCown Elizabeth R Ed.
942 _hY7:(G:66)jN03, L6
_cTEXL
_2CC
999 _c53082
_d53082